| 000 | 00708nam a2200265Ia 4500 | ||
|---|---|---|---|
| 001 | 34466 | ||
| 005 | 20240114001731.0 | ||
| 007 | ta | ||
| 008 | 070222s1949 g b000 u 465 u | ||
| 040 | _aCotton College,Assam | ||
| 041 | _a465 | ||
| 082 |
_a923 _bG 151 P |
||
| 100 | _aPolak, H.S.L.. | ||
| 245 | 0 |
_aMahatma Gandhi / _cH.S.L.Polak & H.N.Brailsford. _hTextual Documents |
|
| 250 | _a1st ed. / | ||
| 260 |
_aLondon : _bOdhams Press Ltd. , _c1949. |
||
| 300 |
_a317p. ; _c22cm. |
||
| 653 | _aBiography-Mahatma Gandhi | ||
| 653 | _aMahatma Gandhi-Biography | ||
| 653 | _aG-Biography | ||
| 700 | _aBrailsford, H.N. . | ||
| 942 |
_2ddc _cBK |
||
| 999 |
_c34448 _d34448 |
||